|
|
|
|
| LEADER |
00000nam a2200000 i 4500 |
| 001 |
1/81378 |
| 008 |
990518s1991 eng d |
| 020 |
|
|
|a 1-85567-303-7
|
| 035 |
|
|
|l 10050868
|
| 040 |
|
|
|a GR-MY-UA
|b gre
|e aacr
|
| 041 |
0 |
|
|a eng
|
| 082 |
0 |
|
|a 497
|
| 100 |
1 |
|
|a Murray, David
|d 1945-
|
| 245 |
1 |
0 |
|a Forked tongues :
|b speech, writing and representation in North American Indian texts /
|c David Murray
|
| 260 |
|
|
|a London :
|b Pinter,
|c c1991
|
| 300 |
|
|
|a 181 p.
|
| 504 |
|
|
|a Includes bibliographical references and index
|
| 650 |
0 |
0 |
|a Indians of North America
|x Languages
|x Translating.
|
| 650 |
0 |
0 |
|a Intercultural communication
|z North America.
|
| 650 |
0 |
0 |
|a American literature
|x Indian authors
|x History and criticism.
|
| 650 |
0 |
0 |
|a Indians of North America
|x Public opinion.
|
| 650 |
0 |
0 |
|a Public opinion
|z North America.
|
| 852 |
|
|
|a INST
|b LESVOS
|e 19990518
|h 497 MUR
|p 005100016235
|q 005100016235
|t BK
|y 0
|
| 901 |
|
|
|a BIBL1-1999-2
|
| 909 |
|
|
|a Λ
|b 061633
|
| 922 |
|
|
|a 1ΕΛΗ
|b 199812
|c ΚΠΣ/ΤΚ
|d ΠΑΠΑΣΩΤΗΡΙΟΥ
|
| 950 |
|
|
|a 103-1998-07-27
|